[Event "Cologne Longerich op 2nd"]
[Site "Cologne"]
[Date "2003.??.??"]
[Round "3"]
[White "Melters, Hans"]
[Black "Fladung, Martin"]
[Result "0-1"]
[WhiteElo "1281"]
[BlackElo "1495"]
[PlyCount "62"]
[EventDate "2003.06.??"]
[EventType "swiss"]
[EventRounds "7"]
[EventCountry "GER"]
[SourceTitle "EXT 2004"]
[Source "ChessBase"]
[SourceDate "2003.11.25"]
[SourceVersion "1"]
[SourceVersionDate "2003.11.25"]
[SourceQuality "1"]

1. e4 c5 2. d4 cxd4 3. c3 dxc3 4. Nxc3 e6 5. Nf3 a6 6. Bc4 b5 7. Bd3 d6 8. 0-0 Be7 9. e5 d5 10. Re1 Nd7 11. Qc2 Nf8 12. Bf4 Ng6 13. Be3 Bb7 14. Bxg6 fxg6 15. Rad1 Rc8 16. Qb1 Nh6 17. Bxh6 gxh6 18. Nd4 Qb6 19. Qd3 Bc5 20. Nde2 0-0 21. Qh3 Rce8 22. Qxh6 Rxf2 23. h4 Bf8 24. Qg5 Bg7 25. h5 gxh5 26. Qxh5 Ref8 27. Rf1 Bc8 28. Rd3 Qc7 29. Rg3 Kh8 30. Rc1 Qxe5 31. Qxe5 Bxe5 0-1